000 01128nam a22002177a 4500
999 _c21959
_d21959
003 AR-CdUCM
008 190228b ||||| |||| 00| 0 spa d
040 _aMUNICIPALIDAD PROVINCIAL DEL CUSCO
_cBIBLIOTECA MUNICIPAL DEL CUSCO
082 _a353.77/M10
_bM10
110 _aMunicipalidad Provincial del Cusco
_946994
245 _aEl centro del Cusco :
_bmorada de historia y cultura viva /
_cMunicipalidad Provincial del Cusco, Gerencia de Centro Histórico de Cusco
260 _aCusco :
_bMunicipalidad del Cusco,
_bDann´ys Graff,
_c2021.
300 _a375 páginas. :
_bIlustraciones en color ;
_c30 cm.
505 _aContenido: Recorriendo por la historia del Cusco. -- Núcleo del centro histórico. -- San Cristóbal. -- Santo Domngo, San Agustín. -- San Blas, Limacpamapa. -- Santa Ana. -- San Pedro. -- Pumacchupan, Avenida Pardo, Tres Cruces. -- Almudena, Santiago, Belen. -- Totorapacha, Mesa redonda, Teteqaqa.
650 _aCusco centro histórico
_96890
650 _aMonumentos históricos
_96891
650 _aBarrios del Cusco
_946995
650 _aCusco - Perú
_94115
942 _2ddc
_cLIBROS
945 _arac